Statistics for Can You Type The Official Names Of All The World Countries? - Easy

Click here to take the quiz!

General Stats

  • This quiz has been taken 6 times
  • The average score is 75 of 205

Answer Stats

ContinentNameCommon Name% Correct
AfricaDemocratic Republic of the CongoDRC
83%
AfricaRepublic of AngolaAngola
67%
EuropeRepublic of IrelandIreland
67%
AfricaArab Republic of EgyptEgypt
50%
EuropeFederal Republic of GermanyGermany
50%
AsiaIslamic Republic of IranIran
50%
AsiaJapanJapan
50%
AfricaKingdom of LesothoLesotho
50%
EuropeKingdom of NorwayNorway
50%
EuropeKingdom of SwedenSweden
50%
AsiaPeople's Republic of ChinaChina
50%
South AmericaPlurinational State of BoliviaBolivia
50%
EuropePrincipality of LiechtensteinLiechtenstein
50%
AsiaRepublic of ArmeniaArmenia
50%
EuropeRepublic of AustriaAustria
50%
EuropeRepublic of BelarusBelarus
50%
AfricaRepublic of BeninBenin
50%
AfricaRepublic of BotswanaBotswana
50%
AfricaRepublic of BurundiBurundi
50%
AfricaRepublic of Cabo VerdeCabo Verde
50%
AfricaRepublic of CameroonCameroon
50%
AfricaRepublic of ChadChad
50%
AsiaRepublic of ChinaTaiwan
50%
AfricaRepublic of Cote d'IvoireCote d'Ivoire
50%
AfricaRepublic of DjiboutiDjibouti
50%
EuropeRepublic of EstoniaEstonia
50%
EuropeRepublic of FinlandFinland
50%
AsiaRepublic of KazakhstanKazakhstan
50%
AfricaRepublic of KenyaKenya
50%
EuropeRepublic of LatviaLatvia
50%
EuropeRepublic of LithuaniaLithuania
50%
AfricaRepublic of SudanSudan
50%
AfricaRepublic of the CongoRep. Congo
50%
AsiaRepublic of the PhilippinesPhilippines
50%
AsiaRepublic of UzbekistanUzbekistan
50%
AsiaRussian FederationRussia
50%
AsiaSocialist Republic of VietnamVietnam
50%
AsiaState of IsraelIsrael
50%
AsiaSultanate of OmanOman
50%
AsiaUnited Arab EmiratesUAE
50%
North AmericaAntigua and BarbudaAntigua
33%
South AmericaArgentine RepublicArgentina
33%
North AmericaBarbadosBarbados
33%
North AmericaBelizeBelize
33%
South AmericaBolivarian Republic of VenezuelaVenezuela
33%
EuropeBosnia and HerzegovinaBosnia
33%
AsiaBrunei DarussalamBrunei
33%
AfricaBurkina FasoBurkina Faso
33%
AfricaCentral African RepublicCAR
33%
OceaniaCommonwealth of AustraliaAustralia
33%
North AmericaCommonwealth of DominicaDominica
33%
North AmericaCommonwealth of the BahamasThe Bahamas
33%
OceaniaCook IslandsCook Islands
33%
South AmericaCo-operative Republic of GuyanaGuyana
33%
EuropeCzechiaCzechia
33%
AsiaDemocratic People's Republic of KoreaNorth Korea
33%
AfricaDemocratic Republic of Sao Tome and PrincipeSao Tome
33%
AsiaDemocratic Republic of Timor-LesteTimor-Leste
33%
AsiaDemocratic Socialist Republic of Sri LankaSri Lanka
33%
North AmericaDominican RepublicDR
33%
North AmericaDominion of CanadaCanada
33%
AfricaFederal Democratic Republic of EthiopiaEthiopia
33%
AsiaFederal Democratic Republic of NepalNepal
33%
AfricaFederal Republic of NigeriaNigeria
33%
AfricaFederal Republic of SomaliaSomalia
33%
OceaniaFederated States of MicronesiaMicronesia
33%
AsiaFederation of MalaysiaMalaysia
33%
North AmericaFederation of Saint Kitts and NevisSt. Kitts
33%
South AmericaFederative Republic of BrazilBrazil
33%
EuropeFrench RepublicFrance
33%
AfricaGabonese RepublicGabon
33%
AsiaGeorgiaGeorgia
33%
North AmericaGrenadaGrenada
33%
AsiaHashemite Kingdom of JordanJordan
33%
EuropeHellenic RepublicGreece
33%
EuropeHungaryHungary
33%
OceaniaIndependent State of Papua New GuineaPapua New Guinea
33%
OceaniaIndependent State of SamoaSamoa
33%
AsiaIslamic Emirate of AfghanistanAfghanistan
33%
AfricaIslamic Republic of MauritaniaMauritania
33%
AsiaIslamic Republic of PakistanPakistan
33%
EuropeItalian RepublicItaly
33%
North AmericaJamaicaJamaica
33%
AsiaKingdom of BahrainBahrain
33%
EuropeKingdom of BelgiumBelgium
33%
AsiaKingdom of BhutanBhutan
33%
AsiaKingdom of CambodiaCambodia
33%
AfricaKingdom of EswatiniEswatini
33%
AfricaKingdom of MoroccoMorocco
33%
AsiaKingdom of Saudi ArabiaSaudi Arabia
33%
EuropeKingdom of SpainSpain
33%
AsiaKingdom of ThailandThailand
33%
EuropeKingdom of the NetherlandsNetherlands
33%
OceaniaKingdom of TongaTonga
33%
AsiaKyrgyz RepublicKyrgyzstan
33%
AsiaLaos People's Democratic RepublicLaos
33%
AsiaLebanese RepublicLebanon
33%
AsiaMongoliaMongolia
33%
OceaniaNew ZealandNew Zealand
33%
OceaniaNiueNiue
33%
South AmericaOriental Republic of UruguayUruguay
33%
AfricaPeople's Republic of AlgeriaAlgeria
33%
AsiaPeople's Republic of BangladeshBangladesh
33%
EuropePeople's Republic of MontenegroMontenegro
33%
EuropePortugese RepublicPortugal
33%
EuropePridnestrovian Moldavian RepublicTransnistria
33%
EuropePrincipality of AndorraAndorra
33%
EuropePrincipality of MonacoMonaco
33%
AsiaRepublic of AbkhaziaAbkhazia
33%
EuropeRepublic of AlbaniaAlbania
33%
AsiaRepublic of ArtzakhArtzakh
33%
AsiaRepublic of AzerbaijanAzerbaijan
33%
EuropeRepublic of BulgariaBulgaria
33%
South AmericaRepublic of ChileChile
33%
South AmericaRepublic of ColombiaColombia
33%
North AmericaRepublic of Costa RicaCosta Rica
33%
EuropeRepublic of CroatiaCroatia
33%
North AmericaRepublic of CubaCuba
33%
AsiaRepublic of CyprusCyprus
33%
South AmericaRepublic of EcuadorEcuador
33%
North AmericaRepublic of El SalvadorEl Salvador
33%
AfricaRepublic of Equatorial GuineaEquatorial Guinea
33%
OceaniaRepublic of FijiFiji
33%
AfricaRepublic of GhanaGhana
33%
North AmericaRepublic of GuatemalaGuatemala
33%
AfricaRepublic of GuineaGuinea
33%
AfricaRepublic of Guinea-BissauGuinea-Bissau
33%
North AmericaRepublic of HaitiHaiti
33%
North AmericaRepublic of HondurasHonduras
33%
EuropeRepublic of IcelandIceland
33%
AsiaRepublic of IndiaIndia
33%
AsiaRepublic of IndonesiaIndonesia
33%
AsiaRepublic of IraqIraq
33%
OceaniaRepublic of KiribatiKiribati
33%
AsiaRepublic of KoreaSouth Korea
33%
EuropeRepublic of KosovoKosovo
33%
AfricaRepublic of LiberiaLiberia
33%
AfricaRepublic of MadagascarMadagascar
33%
AfricaRepublic of MalawiMalawi
33%
AsiaRepublic of MaldivesMaldives
33%
AfricaRepublic of MaliMali
33%
EuropeRepublic of MaltaMalta
33%
AfricaRepublic of MauritiusMauritius
33%
EuropeRepublic of MoldovaMoldova
33%
AfricaRepublic of MozambiqueMozambique
33%
AfricaRepublic of NamibiaNamibia
33%
OceaniaRepublic of NauruNauru
33%
North AmericaRepublic of NicaraguaNicaragua
33%
AfricaRepublic of NigerNiger
33%
EuropeRepublic of North MacedoniaNorth Macedonia
33%
OceaniaRepublic of PalauPalau
33%
North AmericaRepublic of PanamaPanama
33%
South AmericaRepublic of ParaguayParaguay
33%
South AmericaRepublic of PeruPeru
33%
EuropeRepublic of PolandPoland
33%
AfricaRepublic of RwandaRwanda
33%
EuropeRepublic of San MarinoSan Marino
33%
AfricaRepublic of SenegalSenegal
33%
EuropeRepublic of SerbiaSerbia
33%
AfricaRepublic of SeychellesSeychelles
33%
AfricaRepublic of Sierra LeoneSierra Leone
33%
AsiaRepublic of SingaporeSingapore
33%
EuropeRepublic of SloveniaSlovenia
33%
AfricaRepublic of SomalilandSomaliland
33%
AfricaRepublic of South AfricaSouth Africa
33%
AfricaRepublic of South SudanSouth Sudan
33%
South AmericaRepublic of SurinameSuriname
33%
AsiaRepublic of TajikistanTajikistan
33%
AfricaRepublic of the GambiaThe Gambia
33%
OceaniaRepublic of the Marshall IslandsMarshall Islands
33%
AsiaRepublic of the Union of MyanmarMyanmar
33%
North AmericaRepublic of Trinidad and TobagoTrinidad
33%
AfricaRepublic of TunisiaTunisia
33%
AsiaRepublic of TurkiyeTurkey
33%
AfricaRepublic of UgandaUganda
33%
OceaniaRepublic of VanuatuVanuatu
33%
AsiaRepublic of YemenYemen
33%
AfricaRepublic of ZambiaZambia
33%
AfricaRepublic of ZimbabweZimbabwe
33%
EuropeRomaniaRomania
33%
AfricaSahrawi Arab Democratic RepublicWestern Sahara
33%
North AmericaSaint LuciaSt. Lucia
33%
North AmericaSaint Vincent and the GrenadinesSt. Vincent
33%
EuropeSlovak RepublicSlovakia
33%
OceaniaSolomon IslandsSolomon Islands
33%
AfricaState of EritreaEritrea
33%
AsiaState of KuwaitKuwait
33%
AfricaState of LibyaLibya
33%
AsiaState of PalestinePalestine
33%
AsiaState of QatarQatar
33%
EuropeSwiss ConfederationSwitzerland
33%
AsiaSyrian Arab RepublicSyria
33%
AfricaTogolese RepublicTogo
33%
AsiaTurkish Republic of Northern CyprusNorthern Cyprus
33%
AsiaTurkmenistanTurkmenistan
33%
OceaniaTuvaluTuvalu
33%
EuropeUkraineUkraine
33%
AfricaUnion of ComorosComoros
33%
North AmericaUnited Mexican StatesMexico
33%
AfricaUnited Republic of TanzaniaTanzania
33%
North AmericaUnited States of AmericaUS
33%
EuropeVatican City StateVatican
33%
EuropeGrand Duchy of LuxembourgLuxembourg
17%
AsiaRepublic of South Ossetia - State of AlaniaSouth Ossetia
17%
EuropeUnited Kingdom of Great Britain and Northern IrelandUK
17%

Score Distribution

Percentile by Number Answered

Percent of People with Each Score

Your Score History

You have not taken this quiz